000 00844nam a2200241Ia 4500
003 GCL
008 140319s9999 xx 000 0 ara d
020 _a2044305977
040 _aGCL /
_cGCL
082 0 4 _a341.37
_bم ا
100 1 _aمحمد الصادق عفيفى
245 1 0 _aالاسلام والمعاهدات الدولية /
_cمحمد الصادق عفيفى
260 _aالقاهرة :
_bمكتبة الانجلوالمصرية ،
_c1988
300 _a418 ص ؛
_c24 سم
650 0 4 _aالاتفاقيات الدولية
650 0 4 _aالمعاهدات
650 0 4 _aالشريعة الاسلامية
650 0 4 _aالعلاقات الخارجية
650 0 4 _aالاتفاقيات التجارية
650 0 4 _aالحقوق الدولية
650 0 4 _aالاتفاقيات الثقافية
942 _2ddc
_cBK
999 _c6135
_d6135